| 000 | 00629nam a2200205 4500 | ||
|---|---|---|---|
| 003 | OSt | ||
| 005 | 20240722054432.0 | ||
| 006 | a | ||
| 008 | 240722b |||||||| |||| 00| 0 eng d | ||
| 020 | _a9789715848312 | ||
| 040 |
_aDWCL-Main lib. _cOC |
||
| 082 | _aFil. 658.87 G243o 2009 | ||
| 100 | _aGarrovillas, Eduardo P. | ||
| 245 | _aOut of the box retailing principles and practices that work and make sense / | ||
| 260 |
_aQuezon City : _bC & E Pab., Inc., _cc2009. |
||
| 300 |
_axxiv, _b257 p. ; _c22cm. |
||
| 504 | _aIncludes bibliographical references. | ||
| 650 | _a1. Retail trade. | ||
| 942 |
_2ddc _n0 _cBK-CIRC _kCirc. |
||
| 999 |
_c2516 _d2516 |
||